Bizantijas (bizantiskās) arhitektūras formu meklējumi Latvijas pareizticīgo baznīcu arhitektūrā 19. gs

Titel: Bizantijas (bizantiskās) arhitektūras formu meklējumi Latvijas pareizticīgo baznīcu arhitektūrā 19. gs : otrajā pusē un 20. gs. sākumā
Verfasser:
In: Latvijas Zinātņu Akadēmija: Latvijas Zinātnu Akadēmijas vēstis. A daļa, Sociālās un humanitārās zinātnes, Band 67 (2013), Seite 209-220, 10 Abb.
alle Artikel anzeigen
Veröffentlicht: 2013
Format: Aufsatz
Sprache: Lettisch
Kein Bild verfügbar
X
alg: 39176556
001A    $01999:11-11-16 
001B    $01999:15-05-21 $t21:03:47.000 
001C    $06050:19-11-16 $t09:36:02.000 
001D    $01999:11-11-16 
001U    $0utf8 
001X    $00 
002@    $0Aox 
003@    $0391765566 
007A    $0391765566 $aHEB 
007T    $0Herdc0111907m 
010@    $alav 
011@    $a2013 
021A    $aBizantijas (bizantiskās) arhitektūras formu meklējumi Latvijas pareizticīgo baznīcu arhitektūrā 19. gs $dotrajā pusē un 20. gs. sākumā 
028A    $aBistere $dAnita 
031A    $d67 $h209-220, 10 Abb. $j2013 
037A    $aengl. Res. 220: Search for Byzantine architectural forms in Latvian orthodox church architecture in the late 19th century - early 20th century 
039B    $aIn $8--Abvc--Latvijas Zinātņu Akadēmija [Tb1]. Latvijas Zinātnu Akadēmijas vēstis. A daļa, Sociālās un humanitārās zinātnes. - Rīgā, 1992-. - ISSN 0868-6556 $x201300000670000791 $9048608599 
045F    $a200.94796 $eDDC23BSB 
045F/01 $a200.9 
045F/03 $g4796 
045T    $a24 $a7,44 

lok: 39176556 78

exp: 39176556 78 1 #EPN
201B/01 $018-09-20 $t22:57:40.000 
201U/01 $0utf8 
203@/01 $0787860433 
208@/01 $a11-11-16 $be 
209A/01 $a/ $f000 $x00 
220C/01 $aTitelaufnehmer: kk 
220C/01 $aHerkunft: HI Marburg 
244Z/01 $2Trx $#Latvija $#Lettland $#Łotwa $#Lotyšsko $8--Trx--Latvija $x01 $9391275879 
244Z/01 $2Trx $#Daugpilis $#Dünaburg $#Dźwińsk $#Dyneburg;Dźwinów $8--Trx--Daugavpils $x02 $9391325396 
244Z/01 $#Wenden Lettland $#Tsesis $#Zehsis $74094884-5 $8--Tg1--Cēsis $x03 $908526685X 
244Z/01 $#Riga $#Rīga $#Ryga $#Riega $#Riga in Lieffland $#Rigae Livonum $#Rygae $#Righa $74050042-1 $8--Tg1--Riga $x04 $9085139726 
244Z/01 $#Libau $#Liepaja $#Libava $75248529-8 $8--Tg1--Liepāja $x05 $9053556909 
244Z/01 $aGeschichte 1870-1905 $x06 
244Z/01 $2Trx $#arhitektuur, sakraalne $#sakralinė architektūra $#Architecture, sacral $#építészet, szakrális $#architektura sakralna $#architektúra, sakrálna $#architektura sakrální $#Kirchenbau $#stavba kostolov $8--Trx--Architektur, sakrale $x07 $9391375059 
244Z/01 $2Trx $#kirikud, õigeusu $#bažnyčia, stačiatikių $#Church, Orthodox $#templomok, ortodox $#kościół prawosławny $#cirkvi pravoslávne $#církev pravoslavná $8--Trx--Kirchen, orthodoxe $x08 $9391382594 
244Z/01 $2Trx $#historism $#istorizmas $#Historicism $#historizmus $#historyzm $#historizmus $#historismus $8--Trx--Historismus $x09 $939136409X 
244Z/01 $2Trx $#integratsioonipoliitika, Vene $#Rusijos integracinė politika $#policy of integration, Russian $#integráció politika, orosz $#polityka narodowościowa, rosyjska $#politika integračná ruská $#politika integrační ruská $#Russifizierung $#rusyfikacja $8--Trx--Integrationspolitik, russische $x10 $9391375210 
244Z/01 $2Trx $8--Trx--Zeitschriftenaufsatz $x11 $9391384341 
245Z/01 $a10.02.02.03 $x01 
247C/01 $82080>Marburg/Lahn, Herder-Institut, Forschungsbibliothek, Bibliographieportal $9336309341
LEADER 00000caa a22000002c 4500
001 391765566
003 DE-603
005 20210515210347.0
007 tu
008 161111s2013 xx |||| | u00||u|lav c
035 |a (DE-599)HEB391765566 
040 |a DE-603  |b ger  |c DE-603  |d DE-603 
041 |a lav 
082 0 4 |8 1\u  |a 200.94796  |q DE-101  |2 23/BSB 
084 |a 24  |a 7,44  |2 ssgn 
085 |8 1\u  |b 200.9 
085 |8 1\u  |z 2  |s 4796 
100 1 |a Bistere, Anita 
245 0 0 |a Bizantijas (bizantiskās) arhitektūras formu meklējumi Latvijas pareizticīgo baznīcu arhitektūrā 19. gs  |b otrajā pusē un 20. gs. sākumā 
264 0 |c 2013 
500 |a engl. Res. 220: Search for Byzantine architectural forms in Latvian orthodox church architecture in the late 19th century - early 20th century 
773 0 8 |i In  |a Latvijas Zinātņu Akadēmija  |t Latvijas Zinātnu Akadēmijas vēstis. A daļa, Sociālās un humanitārās zinātnes  |d Rīgā, 1992-  |x 0868-6556  |g Band 67 (2013), Seite 209-220, 10 Abb.  |w (DE-603)048608599  |w (DE-600)1116654-X 
924 0 |9 2080  |a (DE-603)787860433  |b DE-2080  |c HES  |d d  |g /